| 000 | 00562nam a22001937a 4500 | ||
|---|---|---|---|
| 003 | MPLRDC | ||
| 005 | 20220104195323.0 | ||
| 008 | 210129b ||||| |||| 00| 0 eng d | ||
| 020 | _a978-986-301-428-7 | ||
| 082 | _a859.6 YDMZ v.22 | ||
| 100 | _a卡洛.科洛迪 CARLO COLLODI 原著 | ||
| 245 |
_a木偶奇遇记 _cHAPPY 原创漫画 |
||
| 250 | _a初版一刷 | ||
| 260 |
_a台湾 _b大众国际书局股份有限公司 _c2014 |
||
| 300 | _b平 | ||
| 490 | _a悦读名著漫画版 | ||
| 650 | _a儿童故事;儿童小说 | ||
| 942 |
_cBK _o859.6 YDMZ v.22 |
||
| 999 |
_c66127 _d66117 |
||